00366cam a2200109 4500020003500000100001400035245009800049250001400147260004200161300002400203490002900227 a9789575036492c新臺幣380元1 a陳志恆10a正向聚焦:b有效肯定的三十種變化, 點燃孩子的內在動力 / c陳志恆著 a第一版 a臺北市 : b親子天下, c2020.10 a358面 : c21公分0 a家庭與生活 ; v064.